000 01409nab a2200217 i 4500
001 768714001
003 CO-MdFUSB
005 20240609115818.0
008 240529t1972 ag ||||| |||| 00| 0 spa d
040 _bspa
_cCO-MdFUSB
_dCO-MdFUSB
041 _aspa
100 1 _aGonzález, Justo L.,
_d1937-
_eautor
245 3 _aEl apocalipsis o revelación del ciudadano
_c/ Justo L. González
520 _aFines de 1958 en Cuba. La revolución que Fidel Castro dirige desde las montañas de Sierra Maestra y la respuesta del régimen de Fulgencio Batista van desangrando lentamente a la isla. En ese contexto aparece un libro profético: El Apocalipsis o Revelación del Ciudadano, escrito por un ciudadano evangélico que después ha llegado a ser vasta- mente conocido en toda América Latina, don Justo González. En poco tiempo se venden tres ediciones del librito con un total de 15 mil ejemplares. El mensaje del libro sigue vigente con actualidad tremenda en todo nuestro continente. Ediciones Certeza, que piensa reeditar el libro, adelanta aquí tres capítulos.
630 0 7 _aBiblia.
_pApocalipsis
630 0 7 _aBiblia
_pIsaías
650 7 _aBiblia y literatura
_97329
773 0 _069974
_982716
_dBuenos Aires
_oR2608
_tCerteza
_w(CO-MdFUSB)768714001
_gNúmero 48, (octubre - diciembre, 1972) páginas: 242 - 244
_qpágina: 242
942 _cANA
945 _aCatherine Arias Álvarez - Practicante SENA
999 _c69980
_d69980